00844cam a2200217 a 450000100100000000500170001000800410002702000150006803500190008303500210010203500320012304000340015508200180018910000380020724500690024526001670031430000210048150400570050265000310055965000360059000001450920200929163849.0970624s1996 ve b 000 0 spa d a9978950419 a(DLC) 97165521 a(CU)GLAD84451638 a(CStRLIN)CUBGGLAD84451638-B aDO-SdBNPbspacBNPHUdCUdDLC a327.16bB275p1 aBarriga López, Franklin,d1945-10aProblemas del mundo contemporáneo /cFranklin Barriga López. aCaracas :bGrupo de Observadores Latinoamericanos, Sede Central ;aQuito, Ecuador :bInstituto Ecuatoriano de Estudios para las Relaciones Internacionales,c1996. a237 p. ;c22 cm. aIncluye referencias bibliográficas: (p. [229]-231) 4aConflictos internacionales 4aPolítica internacionaly1989-